Συλλογή Μπέλτσιου : οι πρωτοπόροι : μια άποψη της τέχνης στην Ελλάδα στο δεύτερο μισό του 20ού αιώνα

Αποθηκεύτηκε σε:
Λεπτομέρειες βιβλιογραφικής εγγραφής
Άλλοι συγγραφείς: Ζαχαρόπουλος, Ντένης (Επιμελητής έκδοσης)
Μορφή: Βιβλίο
Γλώσσα:Greek
Δημοσίευση: [Αθήνα] : Futura, [2003]
Θέματα:
Ετικέτες: Προσθήκη ετικέτας
Δεν υπάρχουν, Καταχωρήστε ετικέτα πρώτοι!

MARC

LEADER 00000cam a2200000 i 4500
001 1/105623
008 090528s2003 gr | ||| |||| ||gre||
020 |a 9607980697 
035 |l 10104902 
040 |a GR-MyUa  |b gre  |e AACR2 
041 0 |a gre 
082 7 |a 708   |2 (22) 
245 0 0 |a Συλλογή Μπέλτσιου :   |b οι πρωτοπόροι : μια άποψη της τέχνης στην Ελλάδα στο δεύτερο μισό του 20ού αιώνα /   |c επιμέλεια - κείμενο: Ντένης Ζαχαρόπουλος.  
260 |a [Αθήνα] :   |b Futura,   |c [2003] 
300 |a 498 σ. :   |b έγχρ. εικ. ;   |c 29 εκ. 
600 1 7 |2 nlgaf  |a Μπέλτσιος, Λεωνίδας Γ.,   |d 1948-  |x Art collections. 
650 0 |a Art, Greek  |y 20th century  |x Catalogs. 
650 0 |a Collectors and collecting  |z Greece. 
700 1 |a Ζαχαρόπουλος, Ντένης,  |e edt 
852 |a INST  |b LESVOS  |e 20090528  |h 708 ΠΡΩ  |p 005100044854  |q 005100044854  |t BK  |y 0 
852 |a INST  |b SYROS  |e 20181016  |h 708 ΣΥΛ  |p 005500013509  |q 005500013509  |t BK  |y 0 
901 |a BIBL1-2009-2 
970 |a Γιάλαμα  |b Μαρία  |z 28/05/2009